Can sıkıntısı (Record no. 10776)

MARC details
000 -BAŞLIK
Sabit Uzunluktaki Kontrol Alanı 00518nam a22002057a 4500
003 - KONTROL NUMARASI KİMLİĞİ
Kontrol Alanı koha_MIRAKIL
005 - EN SON İŞLEM TARİHİ ve ZAMANI
Kontrol Alanı 20231213095852.0
008 - SABİT UZUNLUKTAKİ VERİ ÖGELERİ - GENEL BİLGİ
Sabit Alan 231213b |||||||| |||| 00| 0 ||| d
020 ## - ISBN - ULUSLARARASI STANDART KİTAP NUMARASI
-- 978-6-05-538102-8
040 ## - KATALOGLAMA KAYNAĞI
Özgün Kataloglama Kurumu TR-IsEVY
Kataloglama Dili tur
Çeviri Kurumu TR-IsEVY
082 ## - DEWEY ONU SINIFLAMA SİSTEMİ
Sınıflama Numarası 741.5 OOB/C
100 ## - KİŞİ ADI
Yazar Adı (Kişi adı) Ooba, Tsugumi.
245 #0 - ESER ADI BİLDİRİMİ
Başlık Can sıkıntısı
250 ## - BASIM BİLDİRİMİ
Basım Bildirimi 3 bs.
260 ## - YAYIN, DAĞITIM, VB.
Yayınevi Akılçelen Kitaplar,
Yayın Tarihi 2012
300 ## - FİZİKSEL TANIMLAMA
Sayfa, Cilt vb. 191 s.
650 ## - KONU BAŞLIĞI EK GİRİŞ - KONU TERİMİ
Konusal terim veya coğrafi ad Çizgi roman, Japon.
650 ## - KONU BAŞLIĞI EK GİRİŞ - KONU TERİMİ
Konusal terim veya coğrafi ad Comic books, Japanese.
942 ## - EK GİRİŞ ÖGELERİ (KOHA)
Source of classification or shelving scheme Dewey Decimal Classification
Koha item type Kitap
Holdings
Kayıp Durumu Sınıflandırma Kaynağı Hasarlı Durumu Kalıcı Konum Mevcut Konum Kayıt Tarih Edinim Kaynağı Yer Numarası Demirbaş Numarası Son Görülme Tarihi Fatura Tarihi Materyal Türü
  Dewey Decimal Classification   ORTAOKUL KÜTÜPHANESİ ORTAOKUL KÜTÜPHANESİ 25/08/2015 Bağış 741.5 OOB/C 11224 13/12/2023 31/05/2018 Kitap